000 00689nam a2200241Ia 4500
005 20260430150544.0
008 008 250103s9999 xx 000 0 eng d
037 _aTheses
040 _aCRL
040 _beng
040 _ceng
041 _2eng
041 _aeng
084 _qCRL
100 _aChatterjee Chittadeep Au.; Sen Sharmistha Gu.
_91237842
245 0 _aRiver and it’s Narratives: A Study of Selected Post Independence Bengali Novels (1980-2020)
260 _c2024
300 _a408p.
650 _aArts
700 _aUniversity of Delhi. Faculty of Arts. Deptt. of Modern Indian Languages and Literary Studies
942 _cTH
999 _c1850068
_d1850068